Elenca la formazione - Quiz n°142 - Statistics

Statistiche generali
  • Questo quiz è stato fatto 51 volte
  • Il punteggio medio è 9 su 11
Statistiche sulle risposte
Ruolo Nazione Calciatoree % Corretto
Portiere Germania Marc-André ter Stegen
100%
Centrocampista Paesi Bassi Frenkie de Jong
96%
Attaccante Argentina Lionel Messi
96%
Mediano Spagna Sergio Busquets
96%
Difensore Spagna Gerard Piqué
92%
Centrocampista Spagna Pedri
90%
Centrocampista Spagna Jordi Alba
88%
Attaccante Francia Antoine Griezmann
81%
Centrocampista Stati Uniti Sergiño Dest
75%
Difensore Francia Clément Lenglet
71%
Difensore Spagna Óscar Mingueza
21%
Nessun quiz corrispondente trovato
Distribuzione punteggi
Percentuale di utenti per punteggio
Percentile per numero di risposta
I tuoi punteggi nel tempo
Non hai fatto questo quiz